01829nam a2200289 i 4500001000700000003000700007005001700014008004100031080001900072080001200091100005300103245044000156246005200596260005800648300002800706490015800734500001500892595005100907600008000958650003901038700005501077710004401132830016601176852005501342999001901397952012301416189916SpMaBN20251009164639.0191226s1984 sp b |||| | spa d a017.11(460.15) a016:0911 aGonzález Echegaray, Carlos, d1921-201395860810aCatálogo de los manuscritos reunidos por el príncipe Luis-Luciano Bonaparte que se hallan en el País Vasco, con un índice de nombres de personas, lugares, lenguas y dialectos, y un catálogo de publicaciones hechas por el mismo de algunos de los manuscritos, o referentes a ellos, que se hallan en las principales bibliotecas del País Vasco / cpor Carlos González Echegaray ; [prólogo por José Antonio Arana Martija].34aCatálogo de los manuscritos de L.L. Bonaparte a[Bilbao : bReal Academia de la Lengua Vasca, c1984] aP. 25-184 p. ; c24 cm.1 aEuskera: Euskaltzaindiaren Ian eta agiriak = Trabajos y actas de la Real Academia de la Lengua Vasca = Travaux et actes de l'Academie de la Langue Basque aÍndices. aSeparata de la revista Euskera, n. 29 (1984,1)17aBonaparte, Louis-Lucien, d1813-1891- xBiblioteca- vCatálogos29169266 7aManuscritos-vCatálogos.91364601 aArana Martija, José Antonio, d1931-201191692672 aReal Academia de la Lengua Vasca.963160 aEuskera: Euskaltzaindiaren Ian eta agiriak = Trabajos y actas de la Real Academia de la Lengua Vasca = Travaux et actes de l'Academie de la Langue Basque9225868 aES-MaACLjL-32499 z. - Donat. Viuda Antonio Tovar c189916d189916 00104070aATENEOMbATENEOMcDEPO2d2019-12-26eDONl0oL-32499p1201451r2023-02-23 00:00:00w2023-02-23yMONOGRAFIA